Statistiques concernant Plus Grandes Villes Mayotte

Cliquez ici pour prendre le quiz!

Statistiques générales

  • Ce quiz a été pris 59 fois
  • Le résultat moyen est 6 sur 10

Statistiques - réponses

Ville
Population
(en milliers)
% Correct
Mamoudzou71
100%
Sada11
73%
Dzaoudzi17
69%
Koungou32
64%
Bandrele10
58%
Pamandzi11
58%
Dembeni15
53%
Tsingoni13
53%
Bandraboua13
42%
Ouangani10
24%

Distribution des résultats

Percentile par nombre de réponses

% des personnes avec chaque résultat

Votre développement - résultats

Vous n’avez pas pris ce quiz